00871nam a2200217 a 450000100060000000300090000600800410001502000150005604000280007108200180009910000320011724500560014926000430020530000080024850502850025665000270054165000280056865000200059665000220061665000150063822646CO-ViMGA141112s2004 ck r 000 u spa d a9589100716 aCO-ViMGAbspacCO-ViMGA04a347.077 V351n1 aVelasquez G, Guillermo Juan10aLa nulidad de la sentencia y otros temas procesales aBogotá : bSeñal Editorial, c2006 a200 aCosa juzgada 11 - - Impugnacion de las providencias judiciales 49 - 88 - - La accion de tutela por via de hecho contra decisiones judiciales 95 - - Las nulidades procesales 107 - 143 - - Las nulidades procesales en el derecho comparado 147 - - La incongruencia de la sentencia 16314aAUTOS(DERECHO PROCESAL14aCOSA JUZGADA - COLOMBIA14aERROR (DERECHO)14aRECURSOS(DERECHO)14aSENTENCIAS